Fast math (HARD) - Statistics

General Stats
  • This quiz has been taken 178 times
  • The average score is 9 of 12
Answer Stats
Hint Answer % Correct
599x4359 2611041
90%
157x1079 169403
86%
23x32.9 756.7
82%
32x41 1312
80%
102x7.7 785.4
79%
1056x9174 9687744
76%
113x714 80682
70%
52x74 3848
69%
49x92 4508
67%
26x39 1014
66%
82x102 8364
66%
88x258 22704
65%
No matching quizzes found
Score Distribution
Percent of People with Each Score
Percentile by Number Answered
Your Score History
You have not taken this quiz